00833 2200277 4500001002100000005001500021035002500036008004100061020002200102040001700124082001600141084001600157245012500173250001100298260003000309300004100339650002600380850001200406007000300418090002000421090002100441504003100462999002100493700002000514990002100534INLIS00000000001595820200515111057 a0010-011600000000049160105s2015 yoia g | ind d a978-979-29-5119-6 aYOPDDIYbind04222a005.118 a005.118 PAN 0aPanduan aplikatif & solusi (PAS) :bmembuat aplikasi kreatif dengan visual basic, net 2013 /cpenyunting, P. Seno Wibowo aCet. 13 aYogyakarta :bAndi,c2015 av, 226 halaman :bilustrasi ;c23 cm 4aKomputer, Pemrograman aYOPDYOGta aDEP 005.118 PAN aCB-D.11 2015-537 aBibliografi: halaman [229] aCB-D.11/2015-5371 aSeno Wibowo, P. aCB-D.11/2015-537